00677nam a2200181 i 450000100060000000300090000600500170001500700030003200800410003524500990007626000450017530000200022050000480024070000360028885200320032499900170035695201220037322182ES-MaACL20230906152638.0t|030130s1942 xxk ||||1| eng d00a"Blackwood" tales from the outposts. n, . IX, pTales of Africa /c[edited by L. A. Bethell]. aEdinburgh : bWilliam Blackwood, c1942. a1 v. ; c18 cm. aEs el vol. 9 de una colección de 12 vols.1 aBethell, Leonard Arthur.928658 aES-MaACLjC-25127 bR.53945 c22182d22182 00104070aATENEOMbATENEOMcDEPO2d2008-01-17eSCl0oC-25127p1022822r2023-02-23 00:00:00w2023-02-23yMONOGRAFIA